MLB the show 20 trivia - Statistics

General Stats
  • This quiz has been taken 303 times
  • The average score is 5 of 25
Answer Stats
Question Answer % Correct
What is the lowest overall player in the game All of the above
60%
How many 99 switch hitting pitchers are there 2 Kenley Jansen and Lance Lynn
44%
How many Home Run Derby cards are there 13
32%
How many pitchers have 70 or more power on both sides? 2) Shohei Ohtani and Brendan Mckay
28%
Who was the last headliner card? Max Scherzer
28%
How many non-diamonds have 99 speed 1
24%
What was the only Inning program with one player as the boss 10th Inning
24%
What is the oldest card in the game? Live Series Fernando Rodney
24%
How many 1st baseman have 99 arm strength 1
20%
How many players have 125 vision? 4
20%
What was the collection reward for the NL Central Willie Starrgell
20%
How many catchers have 99 fielding? 3 Roberto Perez, 99 Ivan Rodriguez, and Austin Hedges
16%
Which of these Face of the Franchise cards is the highest overall? Anthony Rizzo
16%
Which team has the most Finest cards? Padres
16%
Which pitcher has the most cards in the game John Smoltz
12%
Which of these pitchers has the most speed Lucas Giolito
12%
Which of these cards was not a new legend in this game? Roy Oswalt
12%
How many cards have 115 or more contact and power against both sides? 2 Juan Soto and Jimmie Foxx
8%
Last question, who has the biggest pp Brey Bolmer
8%
Who is the best mlb the show youtuber? Kevin
8%
Who is the best player in the world at MLB the Show Tie) Trey and Vikram
8%
How many 99 overalls are 20 years old or younger? 3
4%
Which of these players was not a World Series reward? Chipper Jones
4%
Which Reds player didn't get two diamond cards? Joe Morgan
4%
What common has the most power in the game? Matt Davidson
4%
No matching quizzes found
Score Distribution
Percent of People with Each Score
Percentile by Number Answered
Your Score History
You have not taken this quiz